| 000 | 00600nam a2200229Ia 4500 | ||
|---|---|---|---|
| 003 | OSt | ||
| 005 | 20221006164309.0 | ||
| 006 | a|||||r|||| 00| 0 | ||
| 007 | ta | ||
| 008 | 221006b |||||||| |||| 00| 0 eng d | ||
| 024 | _a6,997 | ||
| 037 | _cTextual | ||
| 040 |
_aFML _cFML _beng |
||
| 041 |
_2eng _aeng |
||
| 082 | _aX:513, P6 | ||
| 100 |
_aBedell Clyde Au. _9677087 |
||
| 245 | 0 | _aEffective Advertising Skills | |
| 260 |
_aGurgaon _bShubhi Publication India _c2006 |
||
| 300 |
_a524 _ccm. |
||
| 942 |
_hX:513, P6 _cTEXL _2CC |
||
| 999 |
_c1116783 _d1116783 |
||